Kieselguhr nacional (diatomito). (Record no. 52762)
[ view plain ]
| 000 -LEADER | |
|---|---|
| fixed length control field | 00732cam a22002291 4500 |
| 001 - CONTROL NUMBER | |
| control field | s 41000049 |
| 003 - CONTROL NUMBER IDENTIFIER | |
| control field | DLC |
| 005 - DATE AND TIME OF LATEST TRANSACTION | |
| control field | 20260227111912.0 |
| 008 - FIXED-LENGTH DATA ELEMENTS--GENERAL INFORMATION | |
| fixed length control field | 850617s1939 bl abf b 000 0 por c |
| 010 ## - LIBRARY OF CONGRESS CONTROL NUMBER | |
| LC control number | s 41000049 |
| 035 ## - SYSTEM CONTROL NUMBER | |
| System control number | (OCoLC)12166731 |
| 040 ## - CATALOGING SOURCE | |
| Original cataloging agency | Smithsonian Institution. Library |
| Transcribing agency | DSI |
| Modifying agency | DLC |
| 042 ## - AUTHENTICATION CODE | |
| Authentication code | premarc |
| 050 00 - LIBRARY OF CONGRESS CALL NUMBER | |
| Classification number | TN948.D5 |
| Item number | A23 |
| 100 1# - MAIN ENTRY--PERSONAL NAME | |
| Personal name | Abreu, Sylvio Fróes, |
| Dates associated with a name | 1902-1972. |
| 245 10 - TITLE STATEMENT | |
| Title | Kieselguhr nacional (diatomito). |
| 260 ## - PUBLICATION, DISTRIBUTION, ETC. | |
| Place of publication, distribution, etc. | Rio de Janeiro, |
| Date of publication, distribution, etc. | 1939. |
| 300 ## - PHYSICAL DESCRIPTION | |
| Extent | 70 p. |
| Other physical details | plates, maps, diagrs. |
| Dimensions | 24 cm. |
| 500 ## - GENERAL NOTE | |
| General note | At head of title: Instituto Nacional de Technolgia (Ministerio do Trabalho, Industria e Comercio |
| 504 ## - BIBLIOGRAPHY, ETC. NOTE | |
| Bibliography, etc. note | Bibliography: p. 69-70. |
| 650 #0 - SUBJECT ADDED ENTRY--TOPICAL TERM | |
| Topical term or geographic name entry element | Diatomaceous earth. |
No items available.